000 00808nam a2200217 a 4500
003 0
005 20250404095842.0
008 050809s19uu xx 00 eng d
050 _aPGS HV 5770.P47
_b.K49 2005
100 _aKim, Son Young
245 _aThe perception of Upper School students on women smokers /
_cSon Young Kim.
260 _aLas PiƱas City, Philippines :
_bSouthville International School and Colleges,
_c2005.
300 _a50 pages :
_billustrations ;
_c28 cm.
504 _aIncludes bibliographic references.
650 _aWomen smokers
_vSocial aspects.
650 _aWomen
_vTobacco use
_vPsychological aspects.
650 _aSmoking
_vSocial aspects.
650 _aTobacco use
_vPublic opinion.
650 _aAdolescents
_vAttitudes toward smoking.
942 _2lcc
_cPASS
999 _c97381
_d97381